000 00450nam a2200169Ia 4500
008 110201s9999 xx 000 0 und d
082 _bB10375
_aE 716
100 _aMadhava - Vidyaranya
245 _aSankara - Dig-Vijaya
260 _bSri - Ramakrishna Math Mylgpore
365 _b60
600 _aMadhava - Vidyaranya
630 _aSankara - Dig-Vijaya
700 _aMadhava - Vidyaranya
730 _aSankara - Dig-Vijaya
942 _cBOOK
999 _c835772
_d835769